|
|
|
|
| LEADER |
01057nam a2200265 a 4500 |
| 001 |
0017241 |
| 003 |
BD-DhAAL |
| 008 |
090810s2004 enka 000 0 eng d |
| 020 |
|
|
|a 0194383881
|
| 020 |
|
|
|a 9780194383882
|
| 040 |
|
|
|a VBAX
|b eng
|c VBAX
|d BD-DhAAL
|
| 082 |
0 |
0 |
|a 428.24
|2 22
|
| 100 |
1 |
|
|a Baigent, Maggie
|9 58423
|
| 245 |
1 |
0 |
|a Natural English :
|b reading writing skills.
|p Upper-intermediate resource book /
|c Maggie Baigent.
|
| 246 |
3 |
0 |
|a Reading writing skills : upper-intermediate resource book.
|
| 260 |
|
|
|a Oxford :
|b Oxford University Press,
|c 2004.
|
| 300 |
|
|
|a 63 p. :
|b ill. ;
|c 30 cm
|
| 526 |
|
|
|a CFL, BRACU
|
| 541 |
1 |
|
|e 00017241
|a Karim International
|
| 650 |
|
0 |
|a English language
|v Textbooks for foreign speakers.
|
| 650 |
|
0 |
|a Intercultural communication.
|
| 852 |
4 |
|
|a Ayesha Abed Library
|c General Stacks
|
| 942 |
|
|
|2 ddc
|c BK
|
| 999 |
|
|
|c 3659
|d 3659
|
| 952 |
|
|
|0 0
|1 0
|2 ddc
|4 0
|6 428_240000000000000_BAI
|7 0
|9 3320
|a BRACUL
|b BRACUL
|c GEN
|d 2009-09-03
|e Karim International
|g 2475.00
|l 4
|m 38
|o 428.24 BAI
|p 3010017241
|r 2023-02-10
|s 2022-09-01
|t 1
|w 2009-09-03
|y BK
|